| 000 | 01654nam a22002057a 4500 | ||
|---|---|---|---|
| 008 | 250616b |||||||| |||| 00| 0 eng d | ||
| 020 | _a9781472295347 | ||
| 040 | _ctbs | ||
| 041 | _aeng | ||
| 100 |
_aElston, Ashley _925448 _eauthor |
||
| 245 |
_aFirst lie wins _c/ Ashley Elston. |
||
| 260 |
_aLondon : _bHeadline Publishing, _c2024. |
||
| 300 |
_a386 pages ; _c20 cm. |
||
| 520 | _aEvie Porter has everything a nice, Southern girl could want: a perfect, doting boyfriend, a house with a white picket fence and a garden, a fancy group of friends. The only catch: Evie Porter doesn't exist. The identity comes first: Evie Porter. Once she's given a name and location by her mysterious boss Mr. Smith, she learns everything there is to know about the town and the people in it. Then the mark: Ryan Sumner. The last piece of the puzzle is the job. Evie isn't privy to Mr. Smith's real identity, but she knows this job will be different. Ryan has gotten under her skin, and she's starting to envision a different sort of life for herself. But Evie can't make any mistakes--especially after what happened last time. Because the one thing she's worked her entire life to keep clean, the one identity she could always go back to-her real identity-just walked right into this town. Evie Porter must stay one step ahead of her past while making sure there's still a future in front of her. The stakes couldn't be higher--but then, Evie has always liked a challenge. | ||
| 650 | 0 |
_aMan-woman relationships _911137 |
|
| 650 | 0 |
_aImpostors and imposture _925449 |
|
| 650 | 0 |
_aLookalikes _vFiction _925450 |
|
| 650 | 0 |
_aCriminal investigation _922949 |
|
| 942 | _2lcc | ||
| 999 |
_c4742 _d4742 |
||